000 00817nam a22002537a 4500
001 6742
003 FISKH
005 20250523124338.0
008 250523b cb ||||| |||| 00| 0 eng d
020 _a9782013218740
040 _aFISKH
_bFrench
_cFISKH
_dFISKH
050 _aPZ7.L6585 P
082 _a839.7374
100 _aLindgren, Astrid
245 _aFi fi brindacier /
_cBy Astrid Lindgren
260 _aVanves :
_bHachette Jeunesse ,
_c1945.
300 _a155 pages :
_billustrations ;
_c18 cm .
490 _aPipi Longstocking
520 _aEscapades of a lucky little girl who lives with a horse and a monkey--but without any parents--at the edge of a Swedish village.
650 _aPippi Longstocking
_vFiction
700 _aMaja, Daniel
_eIllustrator
942 _2ddc
_cBK
_n0
999 _c6742
_d6742